LEADER 01400nam 2200361 450 001 9910511885103321 005 20231213215818.0 010 $a1-5044-8144-5 024 7 $a10.1109/IEEESTD.2021.9646866 035 $a(CKB)4100000012160888 035 $a(NjHacI)994100000012160888 035 $a(EXLCZ)994100000012160888 100 $a20231213d2021 uy 0 101 0 $aeng 135 $aur||||||||||| 181 $ctxt$2rdacontent 182 $cc$2rdamedia 183 $acr$2rdacarrier 200 10$a2030.10-2021 $eIEEE Standard for DC Microgrids for Rural and Remote Electricity Access Applications /$fInstitute of Electrical and Electronics Engineers 210 1$aNew York, NY, USA :$cIEEE,$d2021. 215 $a1 online resource (47 pages) 330 $aThe design and operation of a dc microgrid for rural or remote applications based on extra low voltage dc (ELVDC) to reduce cost and simplify stability are discussed in this standard. Such microgrids are typically operated without connecting to a nation's electric power system. 606 $aMicrogrids (Smart power grids) 606 $aElectric currents, Direct 615 0$aMicrogrids (Smart power grids) 615 0$aElectric currents, Direct. 676 $a621.31 801 0$bNjHacI 801 1$bNjHacl 906 $aDOCUMENT 912 $a9910511885103321 996 $a2030.10-2021$93652880 997 $aUNINA LEADER 04045nam 2200985Ia 450 001 9910787302703321 005 20230725035803.0 010 $a1-282-73254-4 010 $a9786612732546 010 $a0-520-94752-5 024 7 $a10.1525/9780520947528 035 $a(CKB)2670000000411953 035 $a(EBL)570669 035 $a(OCoLC)659563148 035 $a(SSID)ssj0000423104 035 $a(PQKBManifestationID)11306874 035 $a(PQKBTitleCode)TC0000423104 035 $a(PQKBWorkID)10440497 035 $a(PQKB)11365905 035 $a(StDuBDS)EDZ0000056092 035 $a(MiAaPQ)EBC570669 035 $a(MdBmJHUP)muse30809 035 $a(DE-B1597)520309 035 $a(DE-B1597)9780520947528 035 $a(Au-PeEL)EBL570669 035 $a(CaPaEBR)ebr10409317 035 $a(CaONFJC)MIL273254 035 $a(EXLCZ)992670000000411953 100 $a20100322d2010 uy 0 101 0 $aeng 135 $aurnnu---|u||u 181 $ctxt 182 $cc 183 $acr 200 10$aMexico$b[electronic resource] $ewhy a few are rich and the people poor /$fRamo?n Eduardo Ruiz 210 $aBerkeley $cUniversity of California Press$dc2010 215 $a1 online resource (303 p.) 300 $aDescription based upon print version of record. 311 0 $a0-520-26235-2 311 0 $a0-520-26236-0 320 $aIncludes bibliographical references and index. 327 $tFront matter --$tContents --$tPreface --$t1. Ramblings on Mexican Underdevelopment --$t2. El Mexicano --$t3. The Legacy --$t4. Free Traders and Capitalists --$t5. Colonialism's Thumb --$t6. Lost Opportunity --$t7. Internal Market --$t8. False Miracle --$t9. Death of a Dream --$t10. NAFTA --$tEpilogue --$tNotes --$tBibliography --$tIndex 330 $aExplicitly focusing on the malaise of underdevelopment that has shaped the country since the Spanish conquest, Ramón Eduardo Ruiz offers a panoramic interpretation of Mexican history and culture from the pre-Hispanic and colonial eras through the twentieth century. Drawing on economics, psychology, literature, film, and history, he reveals how development processes have fostered glaring inequalities, uncovers the fundamental role of race and class in perpetuating poverty, and sheds new light on the contemporary Mexican reality. Throughout, Ruiz traces a legacy of dependency on outsiders, and considers the weighty role the United States has played, starting with an unjust war that cost Mexico half its territory. Based on Ruiz's decades of research and travel in Mexico, this penetrating work helps us better understand where the country has come, why it is where it is today, and where it might go in the future. 606 $aEconomic development$zMexico 606 $aPoverty$zMexico 607 $aMexico$xEconomic conditions 607 $aMexico$xEconomic policy 610 $a20th century. 610 $aclass differences. 610 $acolonial era. 610 $acontemporary mexico. 610 $adependent. 610 $aeconomic oppression. 610 $aeconomics. 610 $ainequality. 610 $ainternational relations. 610 $amalaise. 610 $amexican class system. 610 $amexican culture. 610 $amexican history. 610 $amexican literature and film. 610 $amexico. 610 $amodern mexico. 610 $anational development. 610 $anonfiction. 610 $apoverty. 610 $aprehispanic era. 610 $apsychology. 610 $arace and class. 610 $aspanish conquest. 610 $asystematic oppression. 610 $aunderdevelopment. 610 $aunited states. 610 $awar and territory. 615 0$aEconomic development 615 0$aPoverty 676 $a330.972 700 $aRuiz$b Ramo?n Eduardo$0692877 801 0$bMiAaPQ 801 1$bMiAaPQ 801 2$bMiAaPQ 906 $aBOOK 912 $a9910787302703321 996 $aMexico$93828989 997 $aUNINA